El amor en los tiempos de colera / (Registro nro. 8891)

Detalles MARC
000 -LIDER
fixed length control field 00762nam a22002537a 4500
001 - NÚMERO DE CONTROL
Identificador de número de control 00260
003 - IDENTIFICACDOR DE NÚMERO DE CONTROL
control field DO-SdBNP
005 - DATE AND TIME OF LATEST TRANSACTION
control field 20171120131851.0
008 - ELEMENTOS DE LONGITUD FIJA
fixed length control field 151124b 1985 sp xxu||||| |||| 00| 0 spa d
020 ## - ISBN
International Standard Book Number 9580600007 (Lujo)
020 ## - ISBN
International Standard Book Number 958060001
040 ## - FUENTE DE CATALOGACIÓN
Agencia que crea de manera original el registro BPMSU
Idioma de catalogación spa
Agencia que realiza la transcripción BPMSU
082 #4 - NÚMERO DE CLASIFICACIÓN DECIMAL DE DEWEY
Classification number Co863.44
Item number G216a
100 1# - ASIENTO PRINCIPAL -- NOMBRE PERSONAL
Nombre personal García Márquez, Gabriel,
Término de relación 1927-2014.
245 ## - MENCIÓN DE TITULO
Título El amor en los tiempos de colera /
Mención de responsabilidad Gabriel García Márquez.
260 ## - PUBLICACIÓN, DISTRIBUCIÓN, ETC. (PIE DE IMPRENTA)
Lugar de publicación, distribución, etc Bogotá :
Nombre del editor, distribuidor, etc. Oveja Negra,
Fecha de publicación, distribución, etc 1985.
300 ## - DESCRIPCIÓN FÍSICA
Extensión 473 p.
Dimensiones 20 cm.
650 ## - ENCABEZAMIENTO DE MATERIA--TEMÁTICO
Término temático o nombre geográfico como elemento de entrada NOVELA COLOMBIANA
Subdivisión cronológica SIGLO XX
650 ## - ENCABEZAMIENTO DE MATERIA--TEMÁTICO
Término temático o nombre geográfico como elemento de entrada LITERATURA COLOMBIANA
Subdivisión cronológica SIGLO XX
910 ## - VALIDACIÓN
Validación Validado. Control de calidad MFF
942 ## - ADDED ENTRY ELEMENTS (KOHA)
Source of classification or shelving scheme Dewey Decimal Classification
Koha item type Libros
945 ## - INFORMACIÓN DE PROCESAMIENTO LOCAL
Información de procesamiento local Inventariado, 2017/MFF
956 ## - LOCAL ELECTRONIC LOCATION AND ACCESS (OCLC)
Nombre de host Lorenza Pérez
Número de acceso 10
Existencias
Withdrawn status Lost status Source of classification or shelving scheme Damaged status Not for loan Collection code Home library Current library Date acquired Source of acquisition Total Checkouts Full call number Barcode Date last seen Copy number Price effective from Koha item type
    Dewey Decimal Classification     Colección General Biblioteca Pública Metropolitana Salomé Ureña Biblioteca Pública Metropolitana Salomé Ureña 11/24/2015 Donación   Co863.44 G216a BPMSU15110462 11/24/2015 . 11/24/2015 Libros